| 000 | 01606nam a2200409 c 4500 | ||
|---|---|---|---|
| 999 |
_c88315 _d88315 |
||
| 003 | BLK | ||
| 005 | 20250801135610.0 | ||
| 008 | 180408b bul|||||r ||||||| ||bul|| | ||
| 010 | _aKNG00092977000 | ||
| 020 | _a978-954-91541-14-9 | ||
| 020 | _a978-954-321-621-5 | ||
| 040 | _aBLK | ||
| 041 |
_aBUL _cBUL |
||
| 080 |
_aАмериканска литература (на САЩ) _b821.111(73) _x-31 _z821.111(73)-31 |
||
| 100 | 1 |
_aРанд, Айн _eпърви автор _gРозенбаум, Алиса Зиновиевна _9263604 |
|
| 139 |
_aРанд, Айн _bР 35 |
||
| 245 | 1 | 0 |
_aАтлас изправи рамене: Ч.2 _bЧ. 1 - _cАйн Ранд; прев. от англ. Петьо Ангелов. _nЧ. 2 _pДали-или |
| 257 | _aUSA | ||
| 260 | _c2009 | ||
| 300 | _c22 см | ||
| 380 | _aX | ||
| 490 | 1 | _aКолекция Айн Ранд | |
| 500 | _aИстинското име на авт. е Алиса Розунбаум. - Прев. е направен по Atlas Shrugged / Ayn Rand. - Офс. изд. | ||
| 653 | _aромани | ||
| 700 | 1 |
_aАнгелов, Петьо _eпрев. от англ. _9296141 |
|
| 760 | 1 |
_aРанд, Айн _dМаК, Изток-Запад, 2009 _h480 с. _nЗагл. на тома отпеч. на с. 7. _tЧ. 2 Дали-или |
|
| 852 | _aЦб 246220 | ||
| 852 |
_bП _cП 820(73)-31/Р 35 |
||
| 856 | 4 | _qpdf | |
| 856 | 4 | _qpdf | |
| 942 |
_cKNG _n0 _045 _s1 |
||
| 944 |
_aCR _c10.12.2009 _lЦветелина Шанова _k30531 |
||
| 944 |
_aED _c03.08.2011 _lф / |
||
| 999 | _d88315 | ||
| 999 | _d88315 | ||
| 999 | _d88315 | ||